各県で最も利用者数が少ない新幹線駅 - Statistics

General Stats
  • This quiz has been taken 586 times
    509 since last reset
  • The average score is 38 of 45
Answer Stats
県名 Answer 利用者数 % Correct
北海道 木古内 52人/日(2019)
94%
青森県 奥津軽いまべつ 26人/日(2019)
93%
千葉県 なし
91%
東京都 上野 11902人/日(2019)
91%
神奈川県 小田原 10817人/日(2019)
91%
茨城県 なし
90%
京都府 京都 36566人/日(2019)
90%
大阪府 新大阪 79514人/日(2019)(東海道新幹線のみ)
90%
山梨県 なし
89%
愛知県 三河安城 5612人/日(2019)(在来線含む)
89%
三重県 なし
89%
滋賀県 米原 6856人/日(2019)
89%
奈良県 なし
89%
和歌山県 なし
89%
鳥取県 なし
89%
島根県 なし
89%
香川県 なし
89%
愛媛県 なし
89%
高知県 なし
89%
岐阜県 岐阜羽島 5641人/日(2023)
88%
静岡県 新富士 4662人/日(2019)
88%
岡山県 新倉敷 7730人/日(2019)(在来線含む)
88%
徳島県 なし
88%
沖縄県 なし
88%
栃木県 那須塩原 3094人/日(2023)
87%
埼玉県 本庄早稲田 1929人/日(2023)
86%
兵庫県 相生 8710人/日(2019)(在来線含む)
86%
大分県 なし
86%
宮崎県 なし
86%
福島県 新白河 1868人/日(2023)
85%
広島県 新尾道 1090人/日(2019)
84%
岩手県 いわて沼宮内 72人/日(2023)
83%
群馬県 安中榛名 250人/日(2023)
83%
山口県 新岩国 992人/日(2019)
83%
富山県 黒部宇奈月温泉 858人/日(2019)
82%
佐賀県 新鳥栖 1936人/日(2023)西九州新幹線未開業
80%
宮城県 白石蔵王 832人/日(2023)
78%
秋田県 田沢湖 281人/日(2023)
78%
長野県 飯山 529人/日(2023)
78%
熊本県 新水俣 537人/日(2019)
77%
新潟県 糸魚川 551人/日(2019)(在来線含む)
75%
福岡県 新大牟田 546人/日(2016)
75%
鹿児島県 出水 1125人/日(2019)
74%
山形県 大石田 614人/日(2023)
71%
石川県 加賀温泉 1996人/日(2019)
67%
No matching quizzes found
Score Distribution
Percent of People with Each Score
Percentile by Number Answered
Your Score History
You have not taken this quiz since the last reset